Visualizzazione normale
Vista MARC
- Brownlow Kevin
di Personal Name
Records bibliografici associati: 1
001 - CONTROL NUMBER
- control field: 53531
003 - CONTROL NUMBER IDENTIFIER
- control field: IT-RoPau
005 - DATE AND TIME OF LATEST TRANSACTION
- control field: 20151203121614.0
008 - FIXED-LENGTH DATA ELEMENTS
- fixed length control field: 151203|| aca||aabn | a|a d
040 ## - CATALOGING SOURCE
- Original cataloging agency: IT-RoPau
- Transcribing agency: IT-RoPau
100 ## - HEADING--PERSONAL NAME
- Personal name: Brownlow Kevin
- Relator term: (regista)
- Miscellaneous information: Codice regista SPICS: 8758
670 ## - SOURCE DATA FOUND
- Source citation: Work cat.: (IT-RoPau)107768: Brownlow Kevin Codice regista SPICS: 8758 53529, CHAPLIN SCONOSCIUTO (1.2.3.) CHAPLIN SCONOSCIUTO (1.2.3.) (Rif. Codice opera principale : 21740)